• 首页
  • 本馆介绍
  • 公告通知
  • 最新文献
  • 馆藏检索
  • 电子资源
  • 读者导购
  • 参考咨询
  • 我的图书馆
  • 登录
  • 详细信息显示
  • 放入我的书架
  • 预约/预借图书
  • 作者相关作品
  • 分类相关作品
  • 丛书相关作品
  • 出版社相关作品

书目信息

  • 表格格式
  • 工作单格式
  • 卡片格式
题名:
中学教师进修高等师范专科化学教育专业教学大纲
    
 
作者: ;国家教育委员会师范教育司 编
分册:  
出版信息: 长春   东北师范大学出版社  1992.5
页数: 208页
开本: 20cm
丛书名:
单 册:
中图分类: O6-41
科图分类: 54.1053
主题词: 化学-教学大纲--中学 , 教学大纲-化学--高等师范教育 , 化学-教学大纲--高等师范教育 , 教学大纲-化学--中学
电子资源:
ISBN: 7-5602-0704-9
000 01057nam0 2200277 45
001 0192013795
005 20070705160616.95
010    @a7-5602-0704-9@dCNY3.20
020    @aCN@b92013795
100    @a19921207d1992 em y0chiy0121 ea
101 0  @achi
102    @aCN@b220000
105    @ay z 000yy
200 10 @a中学教师进修高等师范专科化学教育专业教学大纲@Azhong xue jiao shi jin xiu gao deng shi fan zhuan ke hua xue jiao yu zhuan ye jiao xue da gang@f国家教育委员会师范教育司编@Fguo jia jiao yu wei yuan hui shi fan jiao yu si bian
210    @a长春@c东北师范大学出版社@d1992.5
215    @a208页@d20cm
540 1  @a中学 教师 化学 教学大纲@Azhong xue jiao shi hua xue jiao xue da gang
606    @a化学-教学大纲@x中学
606    @a教学大纲-化学@x高等师范教育
606    @a化学-教学大纲@x高等师范教育
606    @a教学大纲-化学@x中学
690    @aO6-41
692    @a54.1053
711 02 @a国家教育委员会师范教育司@Aguo jia jiao yu wei yuan hui shi fan jiao yu si@4编
801  0 @aCN@bTSSF@c20070705
905    @a10447@dO6-41@e375
    
    中学教师进修高等师范专科化学教育专业教学大纲/国家教育委员会师范教育司编.-长春:东北师范大学出版社,1992.5
    208页;20cm
    
    
    ISBN 7-5602-0704-9:CNY3.20
    
●
相关链接 在E读中查询图书 在五车中查询图书 在当当中查询图书 在豆瓣中查询图书


正题名:中学教师进修高等师范专科化学教育专业教学大纲     索取号:O6-41/375         预约/预借

序号 登录号 条形码 馆藏地/架位号 状态 备注
1 0644788   206447889   库房3/ [索取号:O6-41/375] 在馆    
2 0644789   206447898   库房3/ [索取号:O6-41/375] 在馆    
3 0644790   206447905   库房3/ [索取号:O6-41/375] 在馆    
4 0644791   206447914   库房3/ [索取号:O6-41/375] 在馆    
5 0644792   206447923   库房3/ [索取号:O6-41/375] 在馆    
6 0644793   206447932   库房3/ [索取号:O6-41/375] 在馆    
7 0765486   207654867   密集书库/ [索取号:O6-41/375] 在馆    
唐山师范学院图书馆 欢迎您!
大连网信软件有限公司© 版权所有